000 00696nam a2200205 u 4500
001 000023614
005 20200930022341.0
008 101215s1967 mx a r 000 | spa d
040 _aDO-SdBNP
_bspa
_cBNPHU
041 _aeng
_hspa
_2Código de idioma MARC
082 _axxx
_bC385h,1967
100 1 _aCayo Sexton , Patricia
_948653
240 1 0 _aSpanish Harlem.
_lespañol
245 1 0 _aHarlem español /
_cPatricia Cayo Sexton ; traducción de René Cárdenas Barrios.
260 _aMéxico, D.F. :
_bDiana,
_c1967.
300 _a205 p. ;
_c20 cm.
500 _aIncluye notas al pie de páginas
534 _aTítulo original :
_tSpanish Harlem
700 1 _aCárdenas Barrios, René
_etr.
_912537
999 _c23110
_d23110